Estadísticas para Grupos Geográficos de Cuatro #1

Haz click aquí para intentar la prueba.

Estadísticas generales

  • Esta prueba ha sido intentada 2.209 veces
  • La puntuación promedio es 31 de 48

Estadísticas de respuestas

PistaRespuesta% Correcto
Los países europeos que comienzan con LLetonia
96%
Los países europeos que comienzan con LLituania
96%
Las naciones del Reino UnidoInglaterra
95%
Los países donde el italiano es idioma oficialItalia
95%
Las naciones del Reino UnidoEscocia
94%
Las naciones del Reino UnidoGales
93%
Los estados de EE. UU. que limitan con MéxicoTexas
92%
Las naciones del Reino UnidoIrlanda del Norte
90%
Los países europeos que comienzan con LLuxemburgo
89%
Las ciudades nórdicas más pobladasOslo
88%
Las capitales de la Moda del siglo XXIParís
87%
Los idiomas oficiales de SingapurInglés
86%
Los países europeos que comienzan con LLiechtenstein
85%
Los ríos más largos de ÁfricaNilo
84%
Los estados de EE. UU. que limitan con MéxicoNuevo México
84%
Los estados de EE. UU. que limitan con MéxicoCalifornia
82%
Los países donde el italiano es idioma oficialCiudad del Vaticano
82%
Las ciudades más pobladas de EE. UU. que comienzan con "San"San Francisco
82%
Los países donde el italiano es idioma oficialSan Marino
82%
Las ciudades nórdicas más pobladasHelsinki
81%
Las ciudades nórdicas más pobladasEstocolmo
80%
Los idiomas oficiales de SingapurMandarín
78%
Los países de cuatro letras de AsiaLaos
74%
Los países de cuatro letras de AsiaIrak
73%
Los países de cuatro letras de AsiaIrán
73%
Las capitales de la Moda del siglo XXILondres
69%
Las capitales de la Moda del siglo XXIMilán
68%
Las capitales de la Moda del siglo XXINueva York.
68%
Los países de cuatro letras de AsiaOmán
67%
Los estados de EE. UU. que limitan con MéxicoArizona
66%
Los países donde el italiano es idioma oficialSuiza
65%
Las ciudades nórdicas más pobladasCopenhague
64%
Las ciudades más pobladas de EE. UU. que comienzan con "San"San Diego
56%
Los idiomas oficiales de SingapurMalayo
44%
Las ciudades más pobladas de EE. UU. que comienzan con "San"San Antonio
43%
Los ríos más largos de ÁfricaCongo
41%
Las ciudades más pobladas de EE. UU. que comienzan con "San"San José
36%
Las islas principales de JapónHokkaido
34%
Los ríos más largos de ÁfricaNíger
31%
Las islas principales de JapónHonshu
25%
Los barrios de la ciudad vieja de JerusalénJudío
24%
Los ríos más largos de ÁfricaZambeze
24%
Los barrios de la ciudad vieja de JerusalénCristiano
23%
Los barrios de la ciudad vieja de JerusalénMusulmán
21%
Los idiomas oficiales de SingapurTamil
17%
Los barrios de la ciudad vieja de JerusalénArmenio
16%
Las islas principales de JapónKyushu
16%
Las islas principales de JapónShikoku
14%

Distribución de puntuación

Porcentaje por número respondido

Porcentaje de gente con cada puntuación

Historial de tus puntuaciones

No has intentado esta prueba.